00734nam a2200181Ia 4500003000400000008004100004040001600045082001800061100002100079245011500100700001700215700002300232260005900255300002600314650006800340650007500408650006900483GCL140319s9999 xx 000 0 eng d aGCL / cGCL04a328.7307bC G1 aCOREN, ROBERT W.10aGUIDE TO THE RECORDS OF THE UNITED STATES SENATE AT THE NATIONAL ARCHIVES : b1789 - 1989 / cCOREN, ROBERT W.1 aREPHLO, MARY1 aSTEWART, WALTER J. a[S.N] : bU.S SENATE BICENTENNIAL PUBLISHING ، c1989 a25 CM ؛ cX11, 356 P04aUNITED STATES - CONGRESS - SENATE - RECORDS AND COREESPONDENCE04aUNITED STATES - NATIONAL ARCHIVES AND RECORDS ADMINISTRATION - CATALOG04aUNITED STATES - POLITICS AND GOVERNMENT - SOURCES - BIBLIOGRAPHY